[Event "Karnataka State Open-ch 2018"]
[Site "Bengaluru"]
[Date "2018.04.17"]
[Round "7"]
[White "Raducanu, Andrei-Augustin"]
[Black "Shashank Bhat G S"]
[Result "1-0"]
[WhiteElo "2063"]
[BlackElo "1698"]
[Annotator "NA RC"]
[PlyCount "61"]
[EventDate "2018.??.??"]
[EventType "swiss"]
[EventCountry "IND"]
[SourceTitle "playchess.com"]
[Source "ChessBase"]
[SourceQuality "1"]
[TimeControl "5400+30"]

{[%evp 26,59,32,54,69,63,72,66,69,55,31,27,122,143,128,155,112,137,149,158,149,32767,32767,271,247,269,268,250,293,231,272,32767,457,512,462,522]} 1. e4 {[%emt 0:00:00]} c5 {[%emt 0:00:16]} 2. Nc3 {[%emt 0:00:00]} Nc6 {[%emt 0:00:07]} 3. f4 {[%emt 0:00:01]} g6 {[%emt 0:00:36]} 4. Nf3 {[%emt 0:00:06]} Bg7 {[%emt 0:00:21]} 5. Bc4 {[%emt 0:00:09]} e6 {[%emt 0:00:32]} 6. O-O {[%emt 0:00:16]} Nge7 {[%emt 0:00:45]} 7. d3 {[%emt 0:01:28]} d6 {[%emt 0:00:18]} 8. Qe1 {[%emt 0:00:07]} Nd4 {[%emt 0:03:59]} 9. Nxd4 {[%emt 0:00:15]} cxd4 {[%emt 0:00:10]} 10. Ne2 {[%emt 0:00:14]} d5 {[%emt 0:06:08] B23: Closed Sicilian: Lines without g3} (10... O-O 11. Bb3 a5 12. a4 d5 13. e5 Nc6 14. Kh1 b6 15. Bd2 f6 16. exf6 Bxf6 17. Ng1 Ra7 18. Nf3 Raf7 19. Qe2 {½-½ (42) Benjamin,J (2565)-Sandipan,C (2546) Philadelphia 2006}) 11. Bb5+ {[%emt 0:13:21]} Bd7 {[%emt 0:00:08]} 12. Bxd7+ {[%emt 0:00:27]} Qxd7 {[%emt 0:00:06]} 13. e5 {[%emt 0:00:12]} Nc6 {[%emt 0:09:32]} 14. b4 {[%emt 0:02:51]} Bf8 $146 {[%emt 0:06:54]} ({Predecessor:} 14... b5 15. Bb2 a5 16. Nxd4 Bf8 17. Nxc6 Qxc6 18. c3 axb4 19. cxb4 {1-0 (65) Aldea,L (2240)-Barzanu,I (2115) Sovata 2001}) 15. a3 {[%emt 0:06:49]} ({Don't play} 15. b5 Nb4 $15) 15... b5 {[%emt 0:09:58]} 16. Bb2 {[%emt 0:19:16]} a5 {[%emt 0:01:43]} 17. Nxd4 {[%emt 0:03:31]} axb4 {[%emt 0:01:53]} 18. axb4 {[%emt 0:04:27]} Rc8 {[%emt 0:11:13]} (18... Rxa1 $14 19. Qxa1 Bxb4) 19. Nxc6 {[%emt 0:11:15]} ({Don't take} 19. Nxb5 $6 Nxb4 20. Nd6+ Bxd6 $14) 19... Qxc6 {[%emt 0:00:24]} 20. Bd4 {[%emt 0:00:56]} Be7 {[%emt 0:08:17]} 21. c3 {[%emt 0:02:01]} O-O {[%emt 0:00:27]} 22. Ra7 {[%emt 0:04:00]} Rc7 {[%emt 0:01:14]} 23. Qa1 {[%emt 0:00:55]} f6 {[%emt 0:04:19]} 24. Qa6 {[%emt 0:08:58]} Qxa6 {[%emt 0:04:29]} 25. Rxa6 {[%emt 0:00:06]} Kf7 {[%emt 0:00:08]} 26. Rfa1 {[%emt 0:04:17]} Rfc8 {[%emt 0:02:32]} 27. Ra7 {[%emt 0:01:18]} fxe5 {[%emt 0:01:33]} 28. Bxe5 {[%emt 0:01:41]} Rxc3 $18 {[%emt 0:01:37]} (28... Rxa7 29. Rxa7 Ke8) 29. Bxc3 {[%emt 0:00:10]} Rxc3 {[%emt 0:01:26]} 30. Rb7 {[%emt 0:00:10]} Kf6 {[%emt 0:00:30]} 31. Raa7 {[%emt 0:00:39]} 1-0

[Event "Karnataka State Open-ch 2018"]
[Site "Bengaluru"]
[Date "2018.04.17"]
[Round "7"]
[White "Balkishan, A."]
[Black "Sanjana Raghunath"]
[Result "1-0"]
[WhiteElo "2026"]
[BlackElo "1472"]
[Annotator "NA RC"]
[PlyCount "49"]
[EventDate "2018.??.??"]
[EventType "swiss"]
[EventCountry "IND"]
[SourceTitle "playchess.com"]
[Source "ChessBase"]
[SourceQuality "1"]
[TimeControl "5400+30"]

{[%evp 28,47,205,202,220,200,211,191,240,250,250,254,548,401,1083,1127,1363,1417,29996,29997,29997,29998]} 1. d4 {[%emt 0:00:00]} Nf6 {[%emt 0:00:18]} 2. Nf3 {[%emt 0:00:04]} e6 {[%emt 0:01:14]} 3. c4 {[%emt 0:00:19]} Bb4+ {[%emt 0:00:13]} 4. Nbd2 {[%emt 0:00:04]} Qe7 {[%emt 0:01:32]} 5. a3 {[%emt 0:00:16] E11: Bogo-Indian} (5. g3 O-O 6. Bg2 d6 7. O-O e5 8. e4 Bxd2 9. Qxd2 Bg4 10. Nh4 exd4 11. Qxd4 Nc6 12. Qc3 Qe5 13. Bd2 Nd4 14. Kh1 Nc6 {1-0 (40) Dubov,D (2666)-Demidov,M (2521) Sochi 2017}) 5... Bxd2+ {[%emt 0:00:33]} 6. Bxd2 {[%emt 0:00:03]} Nc6 {[%emt 0:00:54]} 7. Bg5 {[%emt 0:00:26]} d5 $146 {[%emt 0:02:52]} ({Find the theoretical novelty and annotate with similar games:} 7... h6 8. Bxf6 Qxf6 9. h3 d6 10. e4 O-O 11. Qd2 Re8 12. Rd1 e5 {½-½ (24) Mikhalevski,V-Sygulski,B (2355) Katowice 1990}) 8. e3 {[%emt 0:00:21]} h6 {[%emt 0:00:51]} 9. Bh4 {[%emt 0:00:02]} O-O {[%emt 0:00:31]} 10. Qc2 {[%emt 0:01:58]} Bd7 {[%emt 0:03:56]} 11. Ne5 {[%emt 0:00:42]} Rad8 {[%emt 0:04:11]} 12. Ng4 {[%emt 0:00:44]} h5 {[%emt 0:04:38]} 13. Nxf6+ {[%emt 0:00:42]} gxf6 {[%emt 0:00:18]} 14. Be2 {[%emt 0:02:06]} Kg7 {[%emt 0:01:13]} 15. O-O {[%emt 0:07:38]} dxc4 {[%emt 0:02:58]} 16. Qxc4 {[%emt 0:00:40]} ({But not} 16. Bxh5 $6 Rh8 $16) 16... Rh8 {[%emt 0:01:27]} 17. b4 {[%emt 0:00:59]} a6 {[%emt 0:00:40]} 18. e4 {[%emt 0:00:30]} e5 {[%emt 0:02:02] [#]} 19. f4 $1 {[%emt 0:02:30]} exf4 $2 {[%emt 0:14:03]} (19... exd4 {is tougher.} 20. e5 Rh6) 20. e5 {[%emt 0:02:11]} Qe6 {[%emt 0:02:41]} (20... Rh6 $142 21. Rxf4 Nxe5 22. dxe5 Qxe5) 21. Bxf6+ {[%emt 0:00:23]} Kh6 {[%emt 0:01:02]} 22. d5 {[%emt 0:00:15]} b5 {[%emt 0:01:47]} 23. Qxf4+ {[%emt 0:00:07]} Kh7 {[%emt 0:00:15]} 24. Qg5 {[%emt 0:00:19]} Rhg8 {[%emt 0:01:06]} 25. Qxh5# {[%emt 0:00:04]} 1-0

[Event "Karnataka State Open-ch 2018"]
[Site "Bengaluru"]
[Date "2018.04.17"]
[Round "7"]
[White "Sridharan Ramanathan"]
[Black "Tejas Cavale"]
[Result "1-0"]
[WhiteElo "1997"]
[BlackElo "1409"]
[Annotator "NA RC"]
[PlyCount "57"]
[EventDate "2018.??.??"]
[EventType "swiss"]
[EventCountry "IND"]
[SourceTitle "playchess.com"]
[Source "ChessBase"]
[SourceQuality "1"]
[TimeControl "5400+30"]

{[%evp 23,57,239,258,356,478,381,804,833,831,916,885,899,931,625,777,604,611,477,564,437,445,508,513,553,715,762,887,32767,32767,32767,32767,824,873,911,954,953]} 1. e4 {[%emt 0:00:00]} c5 {[%emt 0:00:03]} 2. Nf3 {[%emt 0:00:00]} Nc6 {[%emt 0:00:03]} 3. d4 {[%emt 0:00:00]} cxd4 {[%emt 0:00:02]} 4. Nxd4 {[%emt 0:00:02]} Nxd4 {[%emt 0:00:06]} 5. Qxd4 {[%emt 0:00:25]} d6 {[%emt 0:00:40]} 6. Nc3 {[%emt 0:01:53]} a6 {[%emt 0:00:35] B32: Sicilian: Löwenthal and Kalashnikov Variations} 7. Be2 {[%emt 0:00:11]} e6 {[%emt 0:01:19]} 8. O-O {[%emt 0:00:34]} Qf6 $146 {[%emt 0:00:49]} ({Predecessor:} 8... Ne7 9. Bg5 Qc7 10. Rad1 Nc6 11. Qe3 h6 12. Bf4 b5 13. Qg3 e5 14. Nd5 Qb7 {1-0 (27) Zelcic,R (2552)-Kristovic,M (2349) Zadar 2003}) 9. Qd3 {[%emt 0:01:50]} Be7 {[%emt 0:01:45]} 10. f4 {[%emt 0:01:35]} Nh6 {[%emt 0:00:52]} 11. Kh1 {[%emt 0:07:54]} Qg6 {[%emt 0:04:38]} 12. Qd1 {[%emt 0:09:35]} b5 {[%emt 0:13:35] [#]} 13. f5 $1 {[%emt 0:04:19]} exf5 {[%emt 0:01:25]} 14. Bh5 {[%emt 0:00:12]} Qf6 $2 {[%emt 0:01:07]} (14... Qe6 15. Nd5 O-O) 15. Nd5 {[%emt 0:00:33]} Qh4 {[%emt 0:02:09]} 16. g3 {[%emt 0:03:44]} Qxe4+ {[%emt 0:03:11]} 17. Bf3 {[%emt 0:00:25]} Qc4 {[%emt 0:00:15]} 18. Nxe7 {[%emt 0:03:15]} Kxe7 {[%emt 0:04:08]} 19. Bxh6 {[%emt 0:04:19]} Rb8 {[%emt 0:00:42]} 20. Bf4 {[%emt 0:00:45]} Rb6 {[%emt 0:00:13]} 21. Bd5 {[%emt 0:00:47]} Qc5 {[%emt 0:00:03]} 22. Re1+ {[%emt 0:00:29]} Be6 {[%emt 0:00:11]} 23. Bg2 {[%emt 0:05:57]} Rc8 {[%emt 0:00:21]} 24. Be3 {[%emt 0:00:27]} Qxc2 {[%emt 0:00:44]} 25. Qxc2 {[%emt 0:00:37]} Rxc2 {[%emt 0:00:08]} 26. Bxb6 {[%emt 0:00:07]} Rxb2 {[%emt 0:00:06]} 27. Bd4 {[%emt 0:00:38]} Rd2 {[%emt 0:00:28]} 28. Bxg7 {[%emt 0:00:15]} d5 {[%emt 0:00:04]} 29. Bh6 $18 {[%emt 0:01:21]} 1-0

[Event "Karnataka State Open-ch 2018"]
[Site "Bengaluru"]
[Date "2018.04.17"]
[Round "7"]
[White "Gavi, Siddayya"]
[Black "Bachalkar Sadanand"]
[Result "1-0"]
[WhiteElo "1993"]
[BlackElo "1471"]
[Annotator "NA RC"]
[PlyCount "95"]
[EventDate "2018.??.??"]
[EventType "swiss"]
[EventCountry "IND"]
[SourceTitle "playchess.com"]
[Source "ChessBase"]
[SourceQuality "1"]
[TimeControl "5400+30"]

{[%evp 37,95,174,185,195,202,165,192,188,200,197,199,185,196,97,193,147,210,121,105,104,198,200,215,157,150,153,144,139,185,249,239,262,258,337,325,352,392,372,377,475,412,464,444,597,604,875,32767,32767,32767,32767,7100,12842,29977,29986,29983,29986,29986,29987,29987,29988]} 1. e4 {[%emt 0:00:00]} e5 {[%emt 0:00:47]} 2. Nf3 {[%emt 0:00:00]} Nc6 {[%emt 0:00:09]} 3. Bb5 {[%emt 0:00:00]} a6 {[%emt 0:01:03]} 4. Ba4 {[%emt 0:00:02]} Nf6 {[%emt 0:01:07]} 5. O-O {[%emt 0:00:10]} d6 {[%emt 0:02:26]} 6. c3 {[%emt 0:03:00]} Bd7 {[%emt 0:00:19]} 7. Re1 {[%emt 0:00:52]} Be7 {[%emt 0:00:23]} 8. d4 {[%emt 0:00:38]} O-O 9. h3 Qe8 {[%emt 0:04:25] C87: Closed Ruy Lopez: Steinitz-type lines after 6 Re1 d6} (9... Re8 10. Nbd2 Bf8 11. a3 g6 12. Bc2 Bg7 13. Nf1 Nh5 14. Be3 h6 15. Qd2 g5 16. Ng3 Nf4 17. Nf5 Bxf5 18. exf5 {1-0 (70) Zhigalko,S (2641)-Safarli,E (2639) Riadh 2017}) 10. Bc2 {[%emt 0:01:55]} Qc8 $146 {[%emt 0:00:22]} ({Predecessor:} 10... h6 11. Nbd2 Rd8 12. Nf1 Nh7 13. Ng3 Ng5 14. Nxg5 Bxg5 15. Bxg5 hxg5 16. Qh5 Qe7 17. Nf5 Bxf5 18. exf5 {½-½ (32) Yeung,C (1876)-Limbu,P (1731) Hong Kong 2013}) 11. Kh2 {[%emt 0:00:42]} Ne8 {[%emt 0:01:01]} 12. Nbd2 {[%emt 0:00:50]} f5 {[%emt 0:00:40]} 13. dxe5 {[%emt 0:00:15]} fxe4 {[%emt 0:01:40]} 14. Bxe4 {[%emt 0:00:32]} Nxe5 {[%emt 0:02:12]} 15. Nxe5 {[%emt 0:00:23]} dxe5 {[%emt 0:00:21]} 16. Qb3+ {[%emt 0:01:00]} Be6 {[%emt 0:00:51]} 17. Qxb7 {[%emt 0:01:36]} Qxb7 {[%emt 0:00:43]} 18. Bxb7 {[%emt 0:00:03]} Rb8 {[%emt 0:00:28]} 19. Bf3 {[%emt 0:00:34]} Bd6 {[%emt 0:01:19]} 20. Ne4 {[%emt 0:00:08]} Be7 {[%emt 0:00:45]} 21. b3 {[%emt 0:00:25]} Rd8 {[%emt 0:02:34]} 22. Be3 {[%emt 0:00:29]} Bf5 23. Rad1 Bxe4 {[%emt 0:02:57]} 24. Bxe4 {[%emt 0:01:43]} Nf6 {[%emt 0:00:32]} 25. f3 {[%emt 0:01:07]} (25. Bf3 $18 {is more deadly.}) 25... Bd6 {[%emt 0:00:48]} (25... Nxe4 $16 {keeps fighting.} 26. fxe4 h6) 26. g3 {[%emt 0:00:28]} a5 {[%emt 0:01:09]} (26... Nxe4 $16 {keeps fighting.} 27. fxe4 Ba3) 27. Rd3 {[%emt 0:01:42]} (27. Bd3 $18) 27... Nxe4 {[%emt 0:01:43]} 28. fxe4 {[%emt 0:00:02]} Rf3 {[%emt 0:01:59]} (28... Ba3 $16 29. Red1 Rxd3 30. Rxd3 Rf1) 29. Kg2 {[%emt 0:00:10]} Rdf8 {[%emt 0:00:33]} 30. Red1 {[%emt 0:00:07]} h6 {[%emt 0:01:52]} 31. Bg1 {[%emt 0:00:49]} Rxd3 {[%emt 0:00:37]} 32. Rxd3 {[%emt 0:00:02]} Kf7 {[%emt 0:00:40]} 33. Rf3+ {[%emt 0:04:22]} Ke6 {[%emt 0:00:10]} 34. Rxf8 {[%emt 0:00:08]} Bxf8 {[%emt 0:00:25]} 35. Kf3 {[%emt 0:00:15]} g6 {[%emt 0:00:47]} 36. Ke2 {[%emt 0:00:30]} Kd6 {[%emt 0:00:34]} 37. Kd3 {[%emt 0:00:10]} Kc6 {[%emt 0:00:26]} 38. Kc4 {[%emt 0:00:07]} h5 {[%emt 0:00:54]} 39. Be3 {[%emt 0:00:21]} Be7 {[%emt 0:00:46]} 40. a4 {[%emt 0:00:28]} Bd6 {[%emt 0:02:09]} 41. b4 {[%emt 0:00:23]} axb4 {[%emt 0:00:46]} 42. cxb4 {[%emt 0:00:02]} Kb7 {[%emt 0:00:22]} 43. Bc5 {[%emt 0:00:07]} Kc6 {[%emt 0:00:57]} 44. b5+ {[%emt 0:00:23]} Kd7 {[%emt 0:00:23]} 45. a5 {[%emt 0:00:12]} g5 {[%emt 0:01:05]} 46. Bxd6 {[%emt 0:00:23]} cxd6 {[%emt 0:00:09]} 47. Kd5 {[%emt 0:00:06]} Kc7 {[%emt 0:01:58]} 48. a6 {[%emt 0:00:14]} 1-0

[Event "Karnataka State Open-ch 2018"]
[Site "Bengaluru"]
[Date "2018.04.17"]
[Round "7"]
[White "Manjunath, J."]
[Black "Govardhana C"]
[Result "1-0"]
[WhiteElo "1986"]
[BlackElo "1466"]
[Annotator "NA"]
[PlyCount "59"]
[EventDate "2018.??.??"]
[EventType "swiss"]
[EventCountry "IND"]
[SourceTitle "playchess.com"]
[Source "ChessBase"]
[SourceQuality "1"]
[TimeControl "5400+30"]

{[%evp 21,59,95,138,118,148,106,164,177,190,128,131,130,155,102,172,147,244,210,558,267,445,32767,234,266,32767,32767,32767,32767,32767,32767,32767,32767,32767,32767,32767,32767,32767,32767,848,972]} 1. e4 {[%emt 0:17:07]} c6 {[%emt 0:02:27]} 2. d4 {[%emt 0:00:12]} d6 {[%emt 0:00:02]} 3. Nc3 {[%emt 0:00:09]} Qc7 {[%emt 0:00:01]} 4. f4 {[%emt 0:00:45]} Nd7 {[%emt 0:01:04] B12: Caro-Kann: Advance Variation} 5. Nf3 {[%emt 0:00:19]} e5 {[%emt 0:00:25]} 6. d5 {[%emt 0:01:29]} (6. Bc4 h6 7. a4 Ngf6 8. Ba2 Be7 9. O-O O-O 10. Kh1 exd4 11. Qxd4 d5 12. exd5 {0-1 (26) Cabarkapa,N (2424)-Sredojevic,I (2342) Novi Sad 2016}) 6... Ngf6 {[%emt 0:00:29]} 7. Bc4 {[%emt 0:00:31]} h6 $146 {[%emt 0:00:17]} ({Find the theoretical novelty and annotate with similar games:} 7... Be7 8. dxc6 bxc6 9. h3 Qa5 10. Bd2 Qb4 11. b3 Qb6 12. Na4 {0-1 (59) Sesan,J (1879)-Hrupacki,M (2108) Zagreb 2011}) 8. Qe2 {[%emt 0:00:39]} Be7 {[%emt 0:00:08]} 9. Be3 {[%emt 0:00:27]} a6 {[%emt 0:01:17]} 10. a4 {[%emt 0:00:15]} c5 {[%emt 0:02:01]} 11. fxe5 {[%emt 0:00:46]} dxe5 {[%emt 0:04:19]} 12. O-O {[%emt 0:00:25]} O-O {[%emt 0:08:20]} 13. a5 {[%emt 0:01:48]} Re8 {[%emt 0:10:05]} 14. h3 {[%emt 0:01:11]} Nf8 {[%emt 0:00:25]} 15. Qf2 {[%emt 0:00:21]} Ng6 {[%emt 0:07:20]} 16. Nd2 {[%emt 0:05:32]} Bd7 {[%emt 0:05:06]} 17. Qg3 {[%emt 0:03:15]} Qd6 {[%emt 0:02:13]} (17... Nf4 $16 {was worth a try.}) 18. Be2 {[%emt 0:00:25]} Rf8 {[%emt 0:07:53]} (18... Bd8 $16 {was worth a try.} 19. Nc4 Qe7) 19. Nc4 {[%emt 0:00:17]} Qc7 $2 {[%emt 0:00:27]} (19... Qb8 {is tougher.} 20. Nb6 Bb5 21. Nxb5 axb5 22. Rxf6 Bxf6 23. Nxa8 Qxa8 24. Bxc5 Rc8) 20. Bxh6 {[%emt 0:08:42]} Bb5 $2 {[%emt 0:25:53] [#]} (20... gxh6 {was called for.} 21. d6 Qd8 22. dxe7 Qxe7) 21. Be3 {[%emt 0:07:11]} (21. d6 $142 $1 {[%mdl 512]} Bxd6 {[#]} 22. Bxg7 $1 {[%mdl 512]} Kxg7 23. Rxf6 $1 {[%mdl 512]} Kxf6 24. Nd5+ Kg7 25. Nxc7 Bxc7 26. Bd3) 21... Bxc4 {[%emt 0:01:34]} 22. Bxc4 $18 {[%emt 0:00:13]} Rad8 {[%emt 0:06:31]} 23. Qxg6 {[%emt 0:00:40]} fxg6 {[%emt 0:03:45]} 24. d6+ {[%emt 0:00:10]} Kh7 {[%emt 0:00:30]} 25. dxc7 {[%emt 0:00:09]} Rc8 {[%emt 0:00:05]} 26. Nd5 {[%emt 0:01:14]} Nxd5 {[%emt 0:00:11]} 27. Bxd5 {[%emt 0:00:11]} Rxc7 {[%emt 0:00:08]} 28. Rxf8 {[%emt 0:00:11]} Bxf8 {[%emt 0:00:08]} 29. Rf1 {[%emt 0:00:15]} Bd6 {[%emt 0:00:24]} 30. Rf7 {[%emt 0:00:14]} 1-0

[Event "Karnataka State Open-ch 2018"]
[Site "Bengaluru"]
[Date "2018.04.17"]
[Round "7"]
[White "Malla, Nooka Raju"]
[Black "Kishan, Gangolli"]
[Result "1/2-1/2"]
[WhiteElo "1969"]
[BlackElo "1974"]
[Annotator "NA RC"]
[PlyCount "75"]
[EventDate "2018.??.??"]
[EventType "swiss"]
[EventCountry "IND"]
[SourceTitle "playchess.com"]
[Source "ChessBase"]
[SourceQuality "1"]
[TimeControl "5400+30"]

1. d4 {[%emt 0:00:00]} Nf6 2. Nf3 {[%emt 0:00:04]} e6 3. g3 {[%emt 0:00:30]} d5 4. Bg2 {[%emt 0:00:30]} Be7 5. c4 {[%emt 0:00:30]} O-O 6. O-O {[%emt 0:00:30]} dxc4 7. Qa4 {[%emt 0:00:30]} a6 8. Qxc4 {[%emt 0:00:30]} b5 9. Qc2 {[%emt 0:00:30]} Bb7 10. Bg5 {[%emt 0:00:30]} Nbd7 11. a3 {[%emt 0:00:30] E05: Open Catalan: 5 Nf3 Be7} (11. Bxf6 Nxf6 12. Nbd2 Rc8 13. Nb3 c5 14. dxc5 Ne4 15. Rfd1 Qc7 16. c6 Qxc6 17. Qxc6 Bxc6 18. Ne5 Bd5 19. Nd7 Rfe8 20. Nb6 Rc2 21. Nxd5 exd5 22. Rxd5 Nf6 23. Re5 Ng4 24. Re4 Nf6 25. Re3 Ng4 26. Re4 Nf6 27. Re5 Ng4 {½-½ (27) Almasi,Z (2707)-Leko,P (2679) Germany 2018}) 11... c5 12. dxc5 {[%emt 0:00:30]} Bxc5 13. Nc3 $146 {[%emt 0:00:30]} ({Predecessor:} 13. Bxf6 Qxf6 14. Nc3 Rab8 15. Nd2 Rfc8 16. Rac1 Qh6 17. Rfd1 Nf6 18. Bxb7 Rxb7 19. Nf3 Rbc7 20. Kg2 Be7 21. Qb1 {½-½ (21) Sadowski,M (2235)-Keller,H (2406) ICCF email 2007}) 13... Rc8 14. Rfd1 {[%emt 0:00:30]} Qb6 15. e3 {[%emt 0:00:30]} h6 16. Bxf6 {[%emt 0:00:30]} Nxf6 17. Ne5 {[%emt 0:00:30]} Rc7 18. Bxb7 {[%emt 0:00:30]} Qxb7 19. Qe2 {[%emt 0:00:30]} Rfc8 20. Qf3 $15 {[%emt 0:00:30]} Qxf3 21. Nxf3 {[%emt 0:00:30]} Be7 22. Ne5 {[%emt 0:00:30]} Kf8 23. Rd3 {[%emt 0:00:30]} Ke8 24. h4 {[%emt 0:00:30]} Nd7 25. Nxd7 {[%emt 0:00:30]} Rxd7 26. Rad1 {[%emt 0:00:30]} Rxd3 27. Rxd3 {[%emt 0:00:30]} Bf6 28. Nd1 {[%emt 0:00:30]} Rd8 29. Rxd8+ {[%emt 0:00:30]} Kxd8 30. Kf1 {[%emt 0:00:30]} a5 31. Ke2 {[%emt 0:00:30]} Kc7 32. Kd3 {[%emt 0:00:30]} Kc6 33. f4 {[%emt 0:00:30]} Kc5 34. e4 {[%emt 0:00:30]} b4 35. axb4+ {[%emt 0:00:30]} Kxb4 36. e5 {[%emt 0:00:30]} Be7 37. Kc2 {[%emt 0:00:30]} h5 38. Kd3 {[%emt 0:00:30]} 1/2-1/2

[Event "Karnataka State Open-ch 2018"]
[Site "Bengaluru"]
[Date "2018.04.17"]
[Round "7"]
[White "Isha, Sharma"]
[Black "Likhit, Chilukuri"]
[Result "1-0"]
[WhiteElo "1926"]
[BlackElo "1988"]
[Annotator "NA RC"]
[PlyCount "83"]
[EventDate "2018.??.??"]
[EventType "swiss"]
[EventCountry "IND"]
[SourceTitle "playchess.com"]
[Source "ChessBase"]
[SourceQuality "1"]
[TimeControl "5400+30"]

{[%evp 26,74,-9,-28,-57,-43,-11,-25,-19,-16,25,32,54,49,54,49,56,57,74,56,79,32767,56,14,12,-20,-25,-9,32767,32767,32767,32767,32767,32767,10,3,6,5,0,32767,16,0,8,4,2,0,4,3,4,0,1]} 1. e4 {[%emt 0:00:00]} e6 {[%emt 0:00:06]} 2. d3 {[%emt 0:00:00]} d5 {[%emt 0:00:04]} 3. Nd2 {[%emt 0:00:00]} Nf6 {[%emt 0:00:39]} 4. g3 {[%emt 0:00:00]} dxe4 {[%emt 0:00:08]} 5. dxe4 {[%emt 0:00:00]} Bc5 {[%emt 0:00:04]} 6. Bg2 {[%emt 0:00:20]} e5 {[%emt 0:00:07]} 7. Ngf3 {[%emt 0:00:08]} Nc6 {[%emt 0:00:10]} 8. O-O {[%emt 0:00:11]} O-O {[%emt 0:00:06]} 9. c3 {[%emt 0:00:06]} a5 {[%emt 0:00:04]} 10. Qe2 {[%emt 0:02:47]} b6 {[%emt 0:00:07]} 11. Nc4 {[%emt 0:01:51]} Ba6 {[%emt 0:00:22]} 12. a4 {[%emt 0:01:54]} Qe7 {[%emt 0:03:47]} 13. b3 {[%emt 0:09:31] C00: French: Unusual White 2nd moves} (13. h3 Ne8 14. b3 Nd6 15. Nfd2 Qe6 16. Re1 f5 17. Ba3 f4 18. Bxc5 bxc5 19. Bf1 Kh8 20. g4 Nxc4 21. Nxc4 {½-½ (41) Pinter,G (2363)-Rendle,T (2400) England 2011}) 13... b5 {[%emt 0:12:02]} 14. axb5 {[%emt 0:08:36]} Bxb5 {[%emt 0:00:16]} 15. Nfd2 $146 {[%emt 0:10:00]} ({Predecessor:} 15. Bg5 Qe6 16. Bxf6 Qxf6 17. Nfd2 Rfd8 18. Rfd1 a4 19. bxa4 Rxa4 20. Rxa4 Bxa4 {0-1 (97) Mirza,D (1919)-Melaugh,G (1907) Ennis 2017}) 15... Qe6 {[%emt 0:06:12]} 16. Ba3 {[%emt 0:02:04]} Bxa3 {[%emt 0:00:27]} 17. Rxa3 {[%emt 0:00:04]} Rad8 {[%emt 0:02:07]} 18. Qe3 {[%emt 0:09:08]} Rd7 {[%emt 0:19:01]} 19. Re1 {[%emt 0:17:31]} Qe7 {[%emt 0:03:37]} 20. Ra2 {[%emt 0:01:57]} Rfd8 {[%emt 0:05:25]} 21. Bf1 {[%emt 0:00:12]} Ng4 {[%emt 0:10:14]} 22. Qf3 {[%emt 0:02:27]} Qe6 {[%emt 0:01:20]} 23. Be2 {[%emt 0:05:43]} Nf6 {[%emt 0:06:54]} 24. Nf1 {[%emt 0:00:38]} a4 {[%emt 0:00:28]} 25. Nfe3 {[%emt 0:04:29]} axb3 {[%emt 0:00:16]} 26. Ra3 {[%emt 0:01:56]} Ne7 {[%emt 0:16:24]} 27. Na5 {[%emt 0:07:09]} Bxe2 {[%emt 0:16:46]} 28. Rxe2 {[%emt 0:00:05]} Qh3 {[%emt 0:01:24]} 29. Re1 {[%emt 0:01:22]} Ng6 {[%emt 0:02:48]} 30. Qf5 {[%emt 0:03:07]} Qxf5 {[%emt 0:02:16]} 31. exf5 {[%emt 0:00:04]} Ne7 $1 {[%emt 0:00:10]} 32. Rxb3 {[%emt 0:00:45]} Rd3 {[%emt 0:00:47]} 33. Nb7 {[%emt 0:03:11]} Rb8 {[%emt 0:01:22]} 34. Reb1 {[%emt 0:00:06]} h5 {[%emt 0:02:07]} 35. Nc5 {[%emt 0:00:18]} Rxb3 {[%emt 0:00:05]} 36. Rxb3 {[%emt 0:00:03]} Rd8 {[%emt 0:03:03]} 37. Rb7 {[%emt 0:00:05]} Nfd5 $11 {[%emt 0:01:34]} 38. Nxd5 {[%emt 0:03:43]} Nxd5 {[%emt 0:00:23]} 39. Ne4 {[%emt 0:00:05]} Rd7 {[%emt 0:02:39]} 40. c4 {[%emt 0:06:29]} Nb6 {[%emt 0:00:13]} 41. Rb8+ {[%emt 0:01:36]} Kh7 {[%emt 0:00:05]} 42. Ng5+ {[%emt 0:00:08]} 1-0

[Event "Karnataka State Open-ch 2018"]
[Site "Bengaluru"]
[Date "2018.04.17"]
[Round "7"]
[White "Sekhawat, Hussen"]
[Black "Gahan, M G"]
[Result "1-0"]
[WhiteElo "1915"]
[BlackElo "2281"]
[Annotator "TA"]
[PlyCount "78"]
[EventDate "2018.??.??"]
[EventType "swiss"]
[EventCountry "IND"]
[SourceTitle "playchess.com"]
[Source "ChessBase"]
[SourceQuality "1"]

{[%evp 16,78,-17,-17,12,-10,-14,-6,0,0,0,0,0,0,12,0,0,0,0,0,7,-9,-9,-52,-52,-62,-49,-104,-18,-10,8,0,137,112,249,239,337,191,185,192,184,146,481,476,431,477,468,460,442,415,413,407,413,402,388,352,491,489,445,445,504,510,495,464,438]} 1. Nf3 Nf6 2. g3 g6 3. b3 Bg7 4. Bb2 d5 5. Bg2 c5 6. O-O O-O 7. e3 {A05: Réti Opening: 1 Nf3 Nf6} Nc6 8. Ne5 (8. d3 Bg4 9. h3 Bxf3 10. Bxf3 e5 11. Nd2 Qd7 12. Bg2 Rad8 13. e4 d4 14. f4 Nh5 {1-0 (39) Sanal,V (2551)-Naiditsch,A (2705) Riadh 2017}) 8... Nxe5 9. Bxe5 {LiveBook: 7 Games. The position is equal.} Bf5 10. a4 $146 ({Predecessor:} 10. d3 Qd7 11. f4 Bh3 12. Qe2 Bxg2 13. Kxg2 Ne8 14. Bxg7 Nxg7 {1-0 (60) Martinez Alcantara,J (2431)-Cori Quispe,K (2378) Manta 2017}) 10... Qd7 11. Re1 Bh3 12. d3 h5 13. Nd2 h4 14. gxh4 Qf5 {aiming for ...Bxg2.} 15. Bg3 Bxg2 16. Kxg2 Nh5 17. Rb1 Bc3 18. Re2 Rad8 19. Nf1 e5 {[%mdl 1024] Black has compensation.} 20. e4 Qg4 {Hoping for ...Nf4+.} 21. Re3 (21. Kg1 $15) 21... Nf4+ (21... Qd7 $17 22. Nd2 f5 23. exf5 Rxf5) 22. Kh1 $11 Qd7 23. Qf3 $1 d4 (23... Nh5 $11) 24. Bxf4 $16 dxe3 {[#]} (24... exf4 $16 25. Re2 Qd6) 25. Bh6 $1 $18 {White wants to mate with Qf6.} Qe7 (25... f5 {was necessary.}) 26. Bxf8 (26. Nxe3 $142 Qxh4 27. Bxf8 Kxf8 28. Nd5) 26... Rxf8 27. Nxe3 Qxh4 28. Rg1 Bd4 $2 {[%mdl 8192] [#]} (28... Bd2 $16 29. Nd5 Bf4) 29. Rg4 $1 {[%cal Rg4h4]} Qh6 {If Black can now play ...Bxe3 this consolidates a bit.} 30. Nd5 Qc1+ 31. Kg2 Qxc2 32. Qf6 {Threatening mate with Ne7+.} Qxf2+ 33. Qxf2 Bxf2 34. Kxf2 {[%mdl 4096] Endgame KRN-KR} Kg7 35. Kg2 b5 36. axb5 {White is clearly winning.} Rb8 37. Nc3 Rb6 38. Kf3 a6 39. bxa6 Rxa6 {Precision: White = 59%, Black = 40%.} 1-0